English for business studies : a practical course for use in secondary schools and colleges

Bibliographic Details
Main Author: Gartside, L
Format: Book
Published: London : Pitman Publishing , 1988
Edition:Third edition
Subjects:

MARC

LEADER 00000cam a2200000 7i4500
001 0000008385
002 000009140
005 20000330.0
020 |a 0273026879 
090 0 0 |a 651.7   |b GAR 
100 1 |a Gartside, L 
245 1 0 |a English for business studies :   |b a practical course for use in secondary schools and colleges   |c L. Gartside 
250 |a Third edition 
260 |a London :   |b Pitman Publishing ,   |c 1988 
300 |a 406p. ;   |c 21cm. 
650 0 0 |a English language   |x Business English 
999 |a 015948   |b BUKU   |c PINJAMAN   |e PERPUSTAKAAN KOMUNITI PETALING JAYA